header

Speech rights in America (Record no. 216531)

MARC details
000 -LEADER
fixed length control field 01439nam a2200349Ia 4500
082 04 - DEWEY DECIMAL CLASSIFICATION NUMBER
Classification number 302.230973
100 1# - MAIN ENTRY--AUTHOR NAME
Personal name Stein, Laura Lynn,
245 10 - TITLE STATEMENT
Title Speech rights in America
260 ## - PUBLICATION, DISTRIBUTION, ETC. (IMPRINT)
Place of publication Urbana, Ill. :
Name of publisher University of Illinois Press ;
Place of publication Chesham :
Name of publisher Combined Academic [distributor],
Year of publication 2008.
300 ## - PHYSICAL DESCRIPTION
Number of Pages x, 166 p.
490 1# - SERIES STATEMENT
Series statement The history of communication
500 ## - GENERAL NOTE
General note Originally published: 2006.
650 #0 - SUBJECT ADDED ENTRY--TOPICAL TERM
Topical Term Mass media
Topical Term Freedom of speech
856 40 - ELECTRONIC LOCATION AND ACCESS
Uniform Resource Identifier http://site.ebrary.com/lib/rucke/Doc?id=10593717

No items available.

© 2026 Rongo University
Contact us: librarian | system librarian | Rongo university